| 000 | 00608nam a2200193Ia 4500 | ||
|---|---|---|---|
| 005 | 20230524133307.0 | ||
| 008 | 131103s9999 xx 000 0 und d | ||
| 040 | _aLoreto College | ||
| 041 | _aEnglish | ||
| 082 |
_aTAG 891.44 _bTAG-HAY |
||
| 100 | _aHay, Stephen N. | ||
| 245 |
_aAsian ideas of East and West _b Tagore and his critics in Japan, China and India _cStephen N. Hay |
||
| 260 |
_aCambridge _bHavard University Press _c1970 |
||
| 300 | _a480p | ||
| 650 | _aTagore, Rabindranath, 1861-1941 - Criticism and Interpretation | ||
| 651 | _aBengali Literature | ||
| 850 | _aLCLIB | ||
| 942 | _cBK | ||
| 999 |
_c16969 _d67448 |
||